Népszerű a közgazdász és a jogász szak

Elmentve itt :
Bibliográfiai részletek
Dokumentumtípus: Cikk
Megjelent: 2002-01-05
Sorozat:Délmagyarország 92 No. 4
Kulcsszavak:Egyetemi felvételi, 2001
Online Access:http://dmarchiv.bibl.u-szeged.hu/124367
LEADER 00424nab a2200145 i 4500
001 delm124367
005 20191120101237.0
008 191120s2002 hu o 0|| hun d
040 |a SZTE Délmagyarország Archívum  |b hun 
041 |a hun 
245 0 0 |a Népszerű a közgazdász és a jogász szak  |h [elektronikus dokumentum] 
260 |c 2002-01-05 
300 |a 4 
490 0 |a Délmagyarország  |v 92 No. 4 
695 |a Egyetemi felvételi, 2001